000 00688cam a22002413a 4500
001 19465
003 PGUSA
005 20140828083419.0
008 061004s2006||||xxu|||||s|||||000 | eng d
040 _aPGUSA
_beng
042 _adc
050 4 _aTC
100 1 _aWaring, George E.
_q(George Edwin),
_d1833-1898
245 1 0 _aDraining for Profit, and Draining for Health
_h[electronic resource] /
_cGeorge E. Waring
260 _bProject Gutenberg,
_c2006
506 _aPublic domain in the USA.
516 _aElectronic text
653 _aDrainage
653 _aDrain-tiles
830 0 _aProject Gutenberg
_v19465
856 4 0 _uhttp://www.gutenberg.org/ebooks/19465
942 _cEB
999 _c248720
_d248720